Last snow #2 / Eric Van Lustbader.
Available copies
- 4 of 4 copies available at LARL/NWRL Consortium.
- 1 of 1 copy available at Lake Agassiz Regional Library. (Show preferred library)
Current holds
0 current holds with 4 total copies.
Show Only Available Copies
| Location | Call Number / Copy Notes | Barcode | Shelving Location | Status | Due Date |
|---|---|---|---|---|---|
| Moorhead Public Library | LUS (Text) | 33500010356889 | Main | Available | - |
| Hallock Public Library | LUS (Text) | 35500005063910 | Main | Available | - |
| Roseau Public Library | LUS (Text) | 35500004649628 | Main | Available | - |
| Warroad Public Library | LUS (Text) | 35500004645915 | Main | Available | - |
Record details
- ISBN: 9780765325150 :
- ISBN: 0765325152
- Physical Description: 414 p. ; 25 cm.
- Edition: 1st ed.
- Publisher: New York, NY : Forge, 2010.
Content descriptions
| Summary, etc.: | Jack McClure, Special Advisor and closest friend ... Read More |
Search for related items by subject
| Subject: | United States. Bureau of Alcohol, Tobacco, and Firearms > Officials and employees > Fiction. Young women > Fiction. Europe, Eastern > Fiction. Political corruption > Fiction. |
| Genre: | Suspense fiction. Adventure fiction. Political fiction. |
Search for related items by series
| LDR | 02279cam a2200433Ia 4500 | ||
|---|---|---|---|
| 001 | 112081 | ||
| 003 | LARL_NWRL_CONSORTIUM | ||
| 005 | 20100301125659.0 | ||
| 008 | 090723s2010 nyu 000 1 eng d | ||
| 020 | . | ‡a9780765325150 : ‡c$25.99 | |
| 020 | . | ‡a0765325152 | |
| 035 | . | ‡a(OCoLC)428027086 | |
| 043 | . | ‡aee----- | |
| 082 | 0 | 4. | ‡a813/.54 ‡222 |
| 100 | 1 | . | ‡aLustbader, Eric. ‡0(LARL_NWRL_CONSORTIUM)61307 |
| 245 | 1 | 0. | ‡aLast snow ‡n#2 / ‡cEric Van Lustbader. |
| 250 | . | ‡a1st ed. | |
| 260 | . | ‡aNew York, NY : ‡bForge, ‡c2010. | |
| 300 | . | ‡a414 p. ; ‡c25 cm. | |
| 490 | 0 | . | ‡aJack McClure ; ‡v2 |
| 520 | . | ‡aJack McClure, Special Advisor and closest friend to the new President of the United States, takes on a personal mission along with his official one: keeping safe from harm his two incompatible companions-- Annika Dementieva, a rogue Russian FSB agent, and Alli Carson, the President's daughter-- and finding the people responsible for murdering an American senator who was supposedly on a political trip to the Ukraine. | |
| 610 | 1 | 0. | ‡aUnited States. ‡bBureau of Alcohol, Tobacco, and Firearms ‡xOfficials and employees ‡vFiction. |
| 650 | 0. | ‡aYoung women ‡vFiction. ‡0(LARL_NWRL_CONSORTIUM)168213 | |
| 651 | 0. | ‡aEurope, Eastern ‡vFiction. ‡0(LARL_NWRL_CONSORTIUM)168409 | |
| 650 | 0. | ‡aPolitical corruption ‡vFiction. ‡0(LARL_NWRL_CONSORTIUM)166539 | |
| 655 | 7. | ‡aSuspense fiction. ‡2gsafd | |
| 655 | 7. | ‡aAdventure fiction. ‡2gsafd | |
| 655 | 0. | ‡aPolitical fiction. | |
| 901 | . | ‡a112081 ‡bOCLC ‡c112081 ‡tbiblio | |

Add to basket
Permalink
Enable Highlighting